000 00481nam a2200169 a 4500
005 20140310183546.0
008 110928s19uu xx 00 eng d
020 _a9780340983300
050 _aQD 415
_b.H772 2009
100 _aHoneybourne, John
245 _aOCR PE for GCSE /
_cJohn Honeybourne.
260 _aUnited Kingdom :
_bHodder Education,
_c2009.
300 _a172 p. :
_bcol. ill. ;
_c28 cm.
650 _aPhysical education
942 _cBK
_2lcc
_kFOR
999 _c24883
_d24883